| 000 | 00902nam a2200241 a 4500 | ||
|---|---|---|---|
| 001 | BRCA_1858 | ||
| 005 | 20190320203558.0 | ||
| 008 | 060608s1990----mx-a---###---#000-0#spa-# | ||
| 020 | _a9683613829 | ||
| 050 | 4 |
_aTR6.A1 _b.O86 1990 |
|
| 100 | 1 |
_aOsorio Alarcón, Fernando _95760 |
|
| 245 | 1 | 0 |
_aLa fototeca en los museos _cFernando Osorio Alarcón. |
| 260 |
_aMéxico _bUNAM, Centro de Investigación y Servicios Museológicos _c1990 |
||
| 300 |
_a52 p. _bil. _c21 cm. |
||
| 440 | 0 |
_aMuseos _95761 |
|
| 500 | _aApéndice 4 : Catálogo de equipo y material para el área de reprografía y el laboratorio | ||
| 500 | _aApéndice 5 : Bibliografía recomendada para una fototeca en el Museo | ||
| 504 | _aBibliografía : p. 51 | ||
| 650 | 1 | 4 |
_aFototeca _vOrganización _xMuseos _95762 |
| 650 | 1 | 4 |
_aMuseos _xColecciones de fotografía _95763 |
| 650 | 1 | 4 |
_aFotografía _xConservación _95764 |
| 942 |
_2lcc _cB |
||
| 999 |
_c1636 _d1636 |
||